000 00968cam a22002775a 4500
001 ssj0001704561
003 OSt
005 20171018155033.0
008 160222s2016 nyu frb 001 0 eng d
020 _a9780190279738
040 _aDLC
_beng
_cDLC
_dDLC
_dWaSeSS
_dEG-ScBUE
043 _af-ua---
082 0 4 _a322.420962
_222
_bANA
100 1 _aʻAnānī, Khalīl.
245 1 0 _aInside the Muslim Brotherhood :
_breligion, identity, and politics /
_cKhalil al-Anani.
260 _aNew York :
_bOxford University Press,
_cc.2016.
300 _axv, 199 p. ;
_c25 cm
504 _aIncludes bibliographical references and index.
506 _aAvailable on campus and off campus with authorized login.
610 2 7 _aJamʻīyat al-Ikhwān al-Muslimīn (Egypt)
_938595
650 7 _aIslam and politics
_zEgypt.
_2BUEsh
_911625
651 7 _aEgypt
_xPolitics and government
_y1981-
_2BUEsh
653 _bBUSBOL
_cOctober2017
655 _vText book
_933728
942 _2ddc
999 _c25492
_d25464